000
00332nam a22001457a 4500
008
210521b ||||| |||| 00| 0 eng d
020
_a
0023199601
041
_a
eng
080
_a
574
082
_a
574
100
_a
9
101
_a
MJE
245
_a
Toxicology the Basic Science of Poisons
_c
Louis J. Casarett
942
_2
udc
_c
BK
999
_c
57598
_d
57598